| 000 | 02057cam a2200481 i 4500 | ||
|---|---|---|---|
| 001 | 22903478 | ||
| 003 | CSPC | ||
| 005 | 20250214163736.0 | ||
| 008 | 221216s2022 ph a bc 000 0 eng | ||
| 010 | _a 2022348183 | ||
| 020 | _a9786218028265 | ||
| 040 |
_aDLC _beng _cDLC _erda _dDLC _dCSPC |
||
| 042 |
_alcode _apcc |
||
| 043 | _aa-ph--- | ||
| 050 | 0 | 0 |
_aNK1062 _b.C27 2022 |
| 082 | 0 | 4 |
_a700.9 _bC172i |
| 100 | 1 |
_aCapistrano-Baker, Florina H., _eauthor. |
|
| 245 | 1 | 0 |
_aIntertwined : _btranspacific, transcultural Philippines / _cFlorina H. Capistrano-Baker ; with essays by Sandra Castro [and three others]. |
| 246 | 3 | 0 | _aTranspacific, transcultural Philippines |
| 264 | 1 |
_aMakati City : _bAyala Foundation, Inc., _c2022. |
|
| 300 |
_a170 pages : _billustrations (chiefly color) ; _c30 cm. |
||
| 336 |
_atext _2rdacontent |
||
| 336 |
_astill image _2rdacontent |
||
| 337 |
_aunmediated _2rdamedia |
||
| 338 |
_avolume _2rdacarrier |
||
| 500 | _aCatalog of an exhibition held December 4-31, 2022 at Ayala Museum. | ||
| 504 | _aIncludes bibliographical references. | ||
| 505 | 0 | _aIntertwined identities -- Imag(in)ing the Filipino -- Before 1898: trade with the early American Republic -- Becoming Filipino -- Retrieving the pre-colonial past. | |
| 546 | _aIn English. | ||
| 650 | 0 |
_aDecorative arts _zPhilippines _vExhibitions. |
|
| 650 | 0 |
_aDecorative arts _zPhilippines _vCatalogs. |
|
| 650 | 0 |
_aFolk art _zPhilippines _vExhibitions. |
|
| 650 | 0 |
_aFolk art _zPhilippines _vCatalogs. |
|
| 651 | 0 |
_aPhilippines _xAntiquities _vExhibitions. |
|
| 651 | 0 |
_aPhilippines _xAntiquities _vCatalogs. |
|
| 700 | 1 |
_aCastro, Sandra B., _econtributor. |
|
| 710 | 2 |
_aAyala Museum, _ehost institution. |
|
| 710 | 2 |
_aAyala Foundation, _epublisher. |
|
| 906 |
_a7 _bcbc _corigode _d3 _encip _f20 _gy-gencatlg |
||
| 942 |
_2ddc _n0 _cBK _kFIL _m2022 _iC172i _h700.9 |
||
| 999 |
_c28714 _d28714 |
||